Most Densely Populated Countries in Ranked Order - Statistics

General Stats
  • This quiz has been taken 84 times
  • The average score is 6 of 20
Answer Stats
Rank Country % Correct
1 Monaco
97%
2 Singapore
85%
3 Vatican City
69%
6 Bangladesh
39%
5 Malta
39%
4 Bahrain
31%
11 San Marino
27%
8 Taiwan
25%
17 Netherlands
24%
20 India
22%
12 South Korea
16%
7 Maldives
15%
14 Nauru
13%
9 Barbados
12%
10 Mauritius
10%
15 Tuvalu
9%
13 Lebanon
7%
16 Rwanda
7%
18 Haiti
6%
19 Comoros
4%
No matching quizzes found
Score Distribution
Percent of People with Each Score
Percentile by Number Answered
Your Score History
You have not taken this quiz